| 000 | 00548nam a2200181Ia 4500 | ||
|---|---|---|---|
| 008 | 151018s9999 xx 000 0 und d | ||
| 082 |
_bRBASDV4051 _a891.464 |
||
| 100 | _aअ भा मगदूम | ||
| 245 | _aकृष्णकुमार | ||
| 250 | _b3 | ||
| 260 |
_bचित्रशाळा प्रकाशन _c1955 |
||
| 300 | _a55 | ||
| 600 | _aअ भा मगदूम | ||
| 630 | _aकृष्णकुमार | ||
| 700 | _aअ भा मगदूम | ||
| 730 | _aकृष्णकुमार | ||
| 942 | _cBOOK | ||
| 999 |
_c1006452 _d1006449 |
||